People in Pictures with Deng Xiaoping - Statistics

General Stats
  • This quiz has been taken 75 times
  • The average score is 10 of 17
Answer Stats
Picture Hint Answer % Correct
China Mao Zedong
94%
Soviet Union Mikail Gorbachev
94%
North Vietnam Ho Chi Minh
93%
United States Jimmy Carter
93%
United Kingdom Margaret Thatcher
93%
United States Nancy Reagan | Ronald Reagan
93%
Soviet Union/China Nikita Khrushchev | Yang Shangkun
84%
North Korea (First Name) Kim Il-sung
81%
Romania/Soviet Union Nicolae Ceausescu | Leonid Brezhnev
75%
Singapore Lee Kuan Yew
45%
China Jiang Zemin
35%
West Germany Helmut Schmidt
33%
China Hu Yaobang
32%
France Valery Giscard Destaing
25%
China Zhao Ziyang
17%
China Chen Yun
10%
Japan Fukuda Takeo
1%
No matching quizzes found
Score Distribution
Percent of People with Each Score
Percentile by Number Answered
Your Score History
You have not taken this quiz